Metody koincydentnych transformacji zmiennych w jednorównaniowym modelu ekonometrycznym

Guardado en:
Detalles Bibliográficos
Autor principal: Tabeau, Andrzej
Formato: Libro
Lenguaje:polaco
Publicado: Warszawa Szkola Glówna Handlowa 1993
Edición:1. wyd.
Colección:Monografie i opracowania 375
Materias:
Etiquetas: Agregar Etiqueta
Sin Etiquetas, Sea el primero en etiquetar este registro!

MARC

LEADER 00000nam a2200000 4500
001 c013858
005 20221206074742.7
041 0 |a pol 
044 |a PL 
245 1 0 |a Metody koincydentnych transformacji zmiennych w jednorównaniowym modelu ekonometrycznym  |c Andrzej Tabeau 
250 |a 1. wyd. 
264 1 |a Warszawa  |b Szkola Glówna Handlowa  |c 1993 
300 |a 115 s. 
490 1 |a Monografie i opracowania  |v 375 
830 0 |a Monografie i opracowania  |v 375 
610 2 0 |a modely ekonometrické 
610 2 0 |a modely lineárne 
610 2 0 |a metódy ekonomicko-matematické 
100 1 |a Tabeau, Andrzej